| 000 | 01062nam a2200325 i 4500 | ||
|---|---|---|---|
| 001 | 000021946 | ||
| 003 | DO-SdBNP | ||
| 005 | 20260310103349.0 | ||
| 007 | ta | ||
| 008 | 100915s1990 dr 000 0 spa d | ||
| 040 |
_aDO-SdBNP _bspa _cBNPHU _erda |
||
| 041 | _aspa | ||
| 082 | 4 |
_a972.93 _bN964o _222 |
|
| 100 | 1 |
_aNúñez, Manuel, _d1957- _eautor _4aut. _92366 |
|
| 245 | 1 | 3 |
_aEl ocaso de la nación dominicana / _cManuel Núñez. |
| 264 | 1 |
_aSanto Domingo : _bAlfa y Omega, _c1990. |
|
| 300 |
_a347 páginas ; _c21 cm. |
||
| 336 |
_atexto _btxt _2rdacontent |
||
| 337 |
_asin mediación _bn _2rdamedia |
||
| 338 |
_avolumen _bnc _2rdacarrier |
||
| 500 | _aIncluye índice de nombres propios. | ||
| 500 | _aIncluye referencias bibliográficas e índices | ||
| 590 | _aInventariado, 2020/BT | ||
| 650 | 4 |
_aNacionalismo _910966 |
|
| 650 | 4 |
_aSociología histórica _910967 |
|
| 651 | 4 |
_aRepública Dominicana _xHistoria _9170 |
|
| 651 | 4 |
_aRepública Dominicana _xHistoriografía _91457 |
|
| 910 | _aValidado. Control de calidad BNPHU | ||
| 942 |
_2ddc _cLBS1 |
||
| 999 |
_c21444 _d21444 |
||